|
|
|
|
| LEADER |
00000nam0a2200000 4500 |
| 001 |
137241 |
| 005 |
20231101220652.0 |
| 010 |
|
|
|a 5965600712
|
| 035 |
|
|
|a (RuTPU)RU\TPU\book\148735
|
| 090 |
|
|
|a 137241
|
| 100 |
|
|
|a 20080507d2007 k y0rusy50 ca
|
| 101 |
0 |
|
|a rus
|
| 102 |
|
|
|a RU
|
| 105 |
|
|
|a a z 001zy
|
| 200 |
1 |
|
|a Оценка эффективности научной, научно-технической и инновационной деятельности
|f Уральский государственный экономический университет ; под ред. Л. Ф. Шайбаковой, М. А. Рожковой
|
| 210 |
|
|
|a Екатеринбург
|c Изд-во Уральского гос. эконом. университета
|d 2007
|
| 215 |
|
|
|a 385 с.
|c ил.
|
| 320 |
|
|
|a Библиографический список: с. 336-344.
|
| 330 |
|
|
|a Рассматриваются сущность научной, научно-технической и инновационной деятельности; формы, методы и опыт оценки ее эффективности. Разработана система показателей, оценивающих результативность деятельности научных организаций, творческих коллективов и отдельных ученых, которые могут быть использованы органами государственного управления при решении вопросов финансирования научных исследований. При разработке системы показателей учтена советская и зарубежная практика. Отдельный раздел посвящен проблемам оценки эффективности инновационных проектов и технологии их отбора для инвестирования. Монография будет интересна исследователям эффективности науки, техники, технологий, аспирантам, студентам, изучающим инновационную теорию, инновационный менеджмент, проблемы венчурного инвестирования.
|
| 606 |
|
|
|a Интеллектуальный потенциал
|x Оценка
|2 stltpush
|3 (RuTPU)RU\TPU\subj\70489
|9 84734
|
| 610 |
1 |
|
|a экономика
|
| 610 |
1 |
|
|a Россия
|
| 610 |
1 |
|
|a наука
|
| 610 |
1 |
|
|a научно-техническая деятельность
|
| 610 |
1 |
|
|a инновации
|
| 610 |
1 |
|
|a инновационная деятельность
|
| 610 |
1 |
|
|a эффективность
|
| 610 |
1 |
|
|a новая техника
|
| 610 |
1 |
|
|a изобретения
|
| 610 |
1 |
|
|a рационализаторские предложения
|
| 610 |
1 |
|
|a НИР
|
| 610 |
1 |
|
|a теория
|
| 610 |
1 |
|
|a история
|
| 610 |
1 |
|
|a инновационный потенциал
|
| 610 |
1 |
|
|a региональная экономика
|
| 610 |
1 |
|
|a инновационные проекты
|
| 686 |
|
|
|a У9(2)0-551
|v LBC/SL-A
|2 rubbk
|
| 702 |
|
1 |
|a Шайбакова
|b Л. Ф.
|g Людмила Фаритовна
|4 340
|
| 702 |
|
1 |
|a Рожкова
|b М. А.
|g Марина Александровна
|4 340
|
| 712 |
0 |
2 |
|a Уральский государственный экономический университет
|2 stltpush
|3 (RuTPU)RU\TPU\col\8082
|
| 801 |
|
1 |
|a RU
|b 63413507
|c 20080507
|g PSBO
|
| 801 |
|
2 |
|a RU
|b 63413507
|c 20191111
|g PSBO
|
| 942 |
|
|
|c BK
|